Peter Apianus und sein Astronomicum Caesareum = Peter Apianus and his Astronomicum Caesareum /
| Hlavní autor: | Apian, Petrus, 1495-1552 |
|---|---|
| Další autoři: | Wattenberg, Diedrich |
| Jazyk: | Němčina Latina Angličtina |
| Vydáno: |
Leipzig : Edition Leipzig, 1967 |
| Fyzický popis: |
2 svazky : barevné ilustrace, faksimile ; 30-46 cm |
| Language note: |
Částečně latinský text, částečně souběžný anglický text |
| LEADER | 01497nam a22003492ia4500 | ||
|---|---|---|---|
| 001 | 001540413 | ||
| 003 | CZ BrMZK | ||
| 005 | 20160921152326.0 | ||
| 007 | ta | ||
| 008 | 160826r19671540gw ah er|||||||||||ger d | ||
| 040 | |a ABA001 |b cze |c ABA001 |d ABA001 |e rda | ||
| 041 | 1 | |a ger |a eng |a lat |h ger | |
| 080 | 9 | |a 091.5.07 Apianus,P.7 Astronomicum Caesareum=71 | |
| 100 | 1 | |a Apian, Petrus, |d 1495-1552 |7 nlk20020112520 |4 aut | |
| 245 | 1 | 0 | |a Peter Apianus und sein Astronomicum Caesareum = |b Peter Apianus and his Astronomicum Caesareum / |c Diedrich Wattenberg |
| 246 | 3 | 1 | |a Peter Apianus and his Astronomicum Caesareum |
| 264 | 1 | |a Leipzig : |b Edition Leipzig, |c 1967 | |
| 300 | |a 2 svazky : |b barevné ilustrace, faksimile ; |c 30-46 cm | ||
| 336 | |a text |b txt |2 rdacontent | ||
| 337 | |a bez média |b n |2 rdamedia | ||
| 338 | |a svazek |b nc |2 rdacarrier | ||
| 500 | |a Ve společném kartonovém pouzdře, 2. svazek v kožené vazbě | ||
| 504 | |a Obsahuje bibliografii a bibliografické odkazy | ||
| 505 | 0 | |a [1]. Textband = Commentaries. 71 stran, 34 nečíslovaných stran -- [2]. Astronomicum Caesareum. 118 nečíslovaných stran | |
| 546 | |a Částečně latinský text, částečně souběžný anglický text | ||
| 580 | |a Reprint vydání: Ingolstadii, 1540 | ||
| 740 | 0 | 2 | |a Astronomicum Caesareum |
| 700 | 1 | |a Wattenberg, Diedrich |4 wfw | |
| 910 | |a BOA001 |b RP-0717.155 | ||
| 990 | |a BK | ||
| 991 | |b 201608 | ||
| 996 | 6 | |b 2619466676 |c RP-0717.155 |l MZK |r Sklad / do 1 hodiny |n 2 |w 001575826 |u 000010 |a 1 |e BOA001 |j MZK50 |s P | |
English
Čeština 